Communalism contested : (Record no. 126935)

MARC details
000 -LEADER
fixed length control field 00832nam a22002537a 4500
005 - DATE AND TIME OF LATEST TRANSACTION
control field 20170124110017.0
010 ## - LIBRARY OF CONGRESS CONTROL NUMBER
LC control number A-899877
020 ## - INTERNATIONAL STANDARD BOOK NUMBER
Terms of availability 00.00
International Standard Book Number 8170366283
035 ## - SYSTEM CONTROL NUMBER
System control number A-899877
037 ## - SOURCE OF ACQUISITION
Source of stock number/acquisition Cen Lib/Ret
040 ## - CATALOGING SOURCE
Original cataloging agency DPL
Language of cataloging EN
082 ## - DEWEY DECIMAL CLASSIFICATION NUMBER
Classification number 302.14
Item number VAN
100 ## - MAIN ENTRY--PERSONAL NAME
Personal name Vanaik, Achin
9 (RLIN) 18905
245 ## - TITLE STATEMENT
Title Communalism contested :
Statement of responsibility, etc by Achin Vanaik
Remainder of title religion, modernity and secularization /
260 ## - PUBLICATION, DISTRIBUTION, ETC. (IMPRINT)
Place of publication, distribution, etc New Delhi
Name of publisher, distributor, etc Vistar Publications
Date of publication, distribution, etc 1997
270 ## - ADDRESS
City New Delhi
Address M-32 Greater Kailash Market, Part I
Postal code 110048
300 ## - PHYSICAL DESCRIPTION
Extent x,374p.
Dimensions 22cm(Hb)
500 ## - GENERAL NOTE
General note Includes index
650 ## - SUBJECT ADDED ENTRY--TOPICAL TERM
Topical term or geographic name as entry element Communalism.
9 (RLIN) 18906
650 ## - SUBJECT ADDED ENTRY--TOPICAL TERM
Topical term or geographic name as entry element Hindus -- Muslims in India.
General subdivision
9 (RLIN) 18907
650 ## - SUBJECT ADDED ENTRY--TOPICAL TERM
Form subdivision
Topical term or geographic name as entry element बाल विकास
9 (RLIN) 1054
650 ## - SUBJECT ADDED ENTRY--TOPICAL TERM
Topical term or geographic name as entry element बाल देखभाल
Form subdivision
9 (RLIN) 898
942 ## - ADDED ENTRY ELEMENTS (KOHA)
Source of classification or shelving scheme Dewey Decimal Classification
Koha item type English Books
Classification part 302.14
Call number suffix VAN
Holdings
Withdrawn status Lost status Source of classification or shelving scheme Damaged status Not for loan Collection code Home library Current library Date acquired Source of acquisition Cost, normal purchase price Total Checkouts Full call number Barcode Date last seen Copy number Cost, replacement price Price effective from Koha item type Public note
Written off   Dewey Decimal Classification     Non-fiction Central Library Central Library 26/06/2015 Cen Lib/Ret 0.00   302.14 VAN A-899877 26/06/2015 1 0.00 26/06/2015 English Books W/d List No. 6845/18 : dtd 9/7/20

© Delhi Public Library
Hit Counter
free hit counter